De causis matrimonialibus tractatus notiones complectens et disceptatione scanonica circa impedimenta dirimentia, processus judiciales, dispensationes ab aliis impedimentis et a vinculo matrimonii rati non consummati ad usum praesertim ecclesiasticorum judicum et parochorum ad occidentalem et orientalem ecclesiam pertinentium / scribebat edabatque primum Josephus Mansella sub titulo primitivo De impedimentis matrimonium dirimentibus ac de processu judiciali etc.

Detalles Bibliográficos
Autor principal: Mansella, Giuseppe
Otros Autores: Solieri, Francesco, ed
Formato: Libro
Lenguaje:Latin
Publicado: Romae : ex Typographia Polyglotta, 1906.
Edición:Hanc alteram editionem postumam ab eodem jam integratam expoliendam augendamque curabat Franciscus Solieri juris utriusque doctor ac juri canonico tradendo alumnis scholarum Collegii Urbaniani Fidei Propag. professor
Materias:
Colección:Banco de datos
Acervo:Seminario Conciliar de Nuestra Señora de Guadalupe Querétaro. Qro.. Biblioteca Florencio Rosas. Fondo Histórico
Descripción Física:VIII p., 476 p., [1] h. ; 25 cm.
Tema general:Derecho eclesiástico - Matrimonio
Notas:Texto con signaturas y notas a pie de página. Propiedad intelectual: Jus proprietatis. Encuadernación holandesa (11983-11984). Ex libris manuscrito en la p. V: <rúbrica> (11984). Sello en tinta de la Biblioteca del Seminario, Querétaro (11983)
LEADER 01559nam a22002050004500
035 |a 4735 
041 0 |a lat 
100 1 |a Mansella, Giuseppe 
245 1 0 |a De causis matrimonialibus tractatus notiones complectens et disceptatione scanonica circa impedimenta dirimentia, processus judiciales, dispensationes ab aliis impedimentis et a vinculo matrimonii rati non consummati ad usum praesertim ecclesiasticorum judicum et parochorum ad occidentalem et orientalem ecclesiam pertinentium / scribebat edabatque primum Josephus Mansella sub titulo primitivo De impedimentis matrimonium dirimentibus ac de processu judiciali etc. 
250 |a Hanc alteram editionem postumam ab eodem jam integratam expoliendam augendamque curabat Franciscus Solieri juris utriusque doctor ac juri canonico tradendo alumnis scholarum Collegii Urbaniani Fidei Propag. professor 
260 |a Romae : ex Typographia Polyglotta, 1906. 
300 |a VIII p., 476 p., [1] h. ; 25 cm. 
500 |a Texto con signaturas y notas a pie de página. Propiedad intelectual: Jus proprietatis. Encuadernación holandesa (11983-11984). Ex libris manuscrito en la p. V: <rúbrica> (11984). Sello en tinta de la Biblioteca del Seminario, Querétaro (11983) 
504 |a Incluye índice de contenido 
650 1 0 |a Derecho eclesiástico - Matrimonio 
700 1 |a Solieri, Francesco, ed. 
949 |a Fondo Histórico: 11983, 11984 
942 |c Q.R.H.T 
943 |g Seminario Conciliar de Nuestra Señora de Guadalupe Querétaro. Qro.. Biblioteca Florencio Rosas. Fondo Histórico 
999 |c 1086190  |d 1086190